000 00283nam a2200109Ia 4500
008 230907s9999||||xx |||||||||||||| ||und||
082 _a629.8,THO
100 _aThomas, Mini S.,
_9115265
245 0 _aPower system SCADA and smart grids /
300 _axxii, 313 pages :
942 _cBK
999 _c597980
_d597980